000 00607nam a22002297a 4500
003 UA-OsUOA
001 95394
007 ta
008 20130227b un ||||| |||| 00| 0 ukr d
100 _aЖакова В.
090 _a821.161.1
_bЖ23
942 _cBK
040 _aUA-OsUOA
_brus
_cUA-OsUOA
_dUA-OsUOA
245 _aИсторические повести
300 _a253 с.
955 _a3
041 _arus
080 _a821.161.1
260 _aМ.
_bСоветская Россия
_c1973
650 7 _a82 Література. Літературознавство
_2UDC
999 _c381640
_d381640